<?xml version="1.0" encoding="UTF-8"?>
<collection xmlns="http://www.loc.gov/MARC21/slim">
 <record>
  <leader>01384nam a22002177a 4500</leader>
  <controlfield tag="001">NCT_59343</controlfield>
  <controlfield tag="008">190214b        xxu||||| |||| 00| 0 vie d</controlfield>
  <datafield tag="999" ind1=" " ind2=" ">
   <subfield code="c">2881</subfield>
   <subfield code="d">2881</subfield>
  </datafield>
  <datafield tag="020" ind1=" " ind2=" ">
   <subfield code="a">9786048031466</subfield>
   <subfield code="c">300000</subfield>
  </datafield>
  <datafield tag="082" ind1="0" ind2="4">
   <subfield code="2">23rd ed.</subfield>
   <subfield code="a">612.3</subfield>
   <subfield code="b">C187</subfield>
  </datafield>
  <datafield tag="100" ind1="1" ind2=" ">
   <subfield code="a">Campbell, T. Colin</subfield>
  </datafield>
  <datafield tag="245" ind1="1" ind2="0">
   <subfield code="a">Toàn cảnh dinh dưỡng thức tỉnh và hành động :</subfield>
   <subfield code="b">Vì đâu con người hiện đại ngày càng yếu ớt hơn?</subfield>
   <subfield code="c">T. Colin Campbell, Howard Jacobson ; Trịnh Ngọc Minh (dịch)</subfield>
  </datafield>
  <datafield tag="260" ind1=" " ind2=" ">
   <subfield code="a">H.</subfield>
   <subfield code="b">Thông tin và Truyền thông</subfield>
   <subfield code="c">2018</subfield>
  </datafield>
  <datafield tag="300" ind1=" " ind2=" ">
   <subfield code="a">380 tr.</subfield>
   <subfield code="c">24cm</subfield>
  </datafield>
  <datafield tag="520" ind1="3" ind2=" ">
   <subfield code="a">Sách nói về dinh dưỡng là chìa khóa chính yếu đối với sức khỏe con người, điều mà hầu hết chúng ta xem như dinh dưỡng hợp lý thì hóa ra không phải là như vậy, và vén màn những bí mật động trời về dinh dưỡng đã được che giấu hơn nữa thế kỷ qua.</subfield>
  </datafield>
  <datafield tag="653" ind1=" " ind2=" ">
   <subfield code="a">Công nghệ thực phẩm</subfield>
  </datafield>
  <datafield tag="700" ind1="1" ind2=" ">
   <subfield code="a">Jacobson, Howard </subfield>
  </datafield>
  <datafield tag="700" ind1="1" ind2=" ">
   <subfield code="a">Trịnh Ngọc Minh</subfield>
   <subfield code="e">Biên dịch</subfield>
  </datafield>
  <datafield tag="942" ind1=" " ind2=" ">
   <subfield code="2">ddc</subfield>
   <subfield code="c">BK</subfield>
  </datafield>
  <datafield tag="952" ind1=" " ind2=" ">
   <subfield code="0">0</subfield>
   <subfield code="1">0</subfield>
   <subfield code="2">ddc</subfield>
   <subfield code="4">0</subfield>
   <subfield code="6">612_300000000000000_C187</subfield>
   <subfield code="7">0</subfield>
   <subfield code="9">15488</subfield>
   <subfield code="a">000001</subfield>
   <subfield code="b">000001</subfield>
   <subfield code="d">2019-02-14</subfield>
   <subfield code="l">1</subfield>
   <subfield code="o">612.3 C187</subfield>
   <subfield code="p">MD.14169</subfield>
   <subfield code="r">2020-03-27</subfield>
   <subfield code="s">2020-03-21</subfield>
   <subfield code="v">300000.00</subfield>
   <subfield code="w">2019-02-14</subfield>
   <subfield code="y">BK</subfield>
  </datafield>
  <datafield tag="980" ind1=" " ind2=" ">
   <subfield code="a">Thư viện Trường Đại học Nam Cần Thơ</subfield>
  </datafield>
 </record>
</collection>
